Alla Håkan Hellström låtar - Statistics

General Stats
  • This quiz has been taken 49 times
  • The average score is 44 of 120
Answer Stats
Album Answer % Correct
Känn ingen sorg för mig göteborg Känn ingen sorg för mig göteborg
93%
Det kommer aldrig va över för mig Valborg
82%
Det kommer aldrig va över för mig Det kommer aldrig va över för mig
79%
Poetiska försök Du
79%
Det är så jag säger det Kom igen Lena
79%
2 steg från paradise 2 steg från paradise
75%
Det är så jag säger det Det är så jag säger det
75%
För sent för Edelweiss För sent för Edelweiss
75%
Känn ingen sorg för mig göteborg Nu kan du få mig så lätt
71%
Känn ingen sorg för mig göteborg Ramlar
71%
Känn ingen sorg för mig göteborg En vän med en bil
68%
Känn ingen sorg för mig göteborg Atombomb
64%
Känn ingen sorg för mig göteborg Vi två, 17 år
61%
Du gamla du fria Din tid kommer
57%
Ett kolikbarns bekännelser Jag har varit i alla städer
57%
Nåt gammalt,nåt nytt,nåt lånat,nåt blått Jag hatar att jag älskar dig och jag älskar dig så mycket att jag hatar mig
57%
Nåt gammalt,nåt nytt,nåt lånat,nåt blått Klubbland
57%
Känn ingen sorg för mig göteborg Magiskt, men tragiskt
57%
Det kommer aldrig va över för mig Pistol
57%
Ett kolikbarns bekännelser Brännö serenad
54%
Ett kolikbarns bekännelser En midsommarnattsdröm
54%
För sent för Edelweiss Tro och tvivel
54%
Ett kolikbarns bekännelser Bara dårar rusar in
50%
Ett kolikbarns bekännelser Dom kommer kliva på dig igen
50%
2 steg från paradise Du är snart där
50%
Ett kolikbarns bekännelser Gårdakvarnar och skit
50%
Ett kolikbarns bekännelser Hurricane Gilbert
50%
Känn ingen sorg för mig göteborg Jag var bara inte gjord för dessa dar
50%
2 steg från paradise Jag vet vilken dy hon varit i
50%
Känn ingen sorg för mig göteborg Uppsnärjd i det blå
50%
Nåt gammalt,nåt nytt,nåt lånat,nåt blått 13
46%
Det är så jag säger det Den fulaste flickan i världen
46%
Det kommer aldrig va över för mig Fri till slut
46%
För sent för Edelweiss Kär i en ängel
46%
Det kommer aldrig va över för mig När lyktorna tänds
46%
Rampljus Alla drömmar är uppfyllda
43%
Det är så jag säger det Aprilhimlen
43%
Känn ingen sorg för mig göteborg Dom dimmiga dagarna
43%
För sent för Edelweiss Jag vet inte vem jag är men jag vet att jag är din
43%
Det är så jag säger det Mitt Gullbergs kaj paradis
43%
Illusioner Nordhemsgatan leder rakt in i himlen
43%
Rampljus Rampljus
43%
Poetiska försök Den här gången är det på riktigt
39%
2 steg från paradise Dom där jag kommer ifrån
39%
Det kommer aldrig va över för mig Du kan gå din egen väg
39%
Det är så jag säger det Förhoppningar och regnbågar
39%
Nåt gammalt,nåt nytt,nåt lånat,nåt blått Går vidare
39%
För sent för Edelweiss Kärlek är ett brev skickat tusen gånger
39%
2 steg från paradise Man måste dö några gånger innan man kan leva
39%
2 steg från paradise River en vacker dröm
39%
2 steg från paradise Shelley
39%
2 steg från paradise Det dom aldrig nämner
36%
Nåt gammalt,nåt nytt,nåt lånat,nåt blått Evert Taube
36%
För sent för Edelweiss För en lång lång tid
36%
Du gamla du fria Ingen oro, tjabo
36%
Rampljus Kaos är min lady
36%
Det är så jag säger det Mississippi kan vänta
36%
Du gamla du fria Pärlor
36%
Illusioner Vänta tills våren
36%
2 steg från paradise Vid protesfabrikens stängsel
36%
För sent för Edelweiss Zigenarliv Dreamin
36%
2 steg från paradise Det här är min tid
32%
Det kommer aldrig va över för mig Det tog så lång tid att bli ung
32%
Poetiska försök Fan ta dig
32%
Det är så jag säger det Här kommer lyckan för hundar som oss
32%
Poetiska försök Jag är en wild story
32%
Du gamla du fria Jag utan dig
32%
För sent för Edelweiss Långa vägar
32%
Det kommer aldrig va över för mig Livets teater
32%
Nåt gammalt,nåt nytt,nåt lånat,nåt blått Precis som Romeo
32%
Det är så jag säger det Rockenroll, blåa ögon - igen
32%
Det kommer aldrig va över för mig Street Hustle
32%
Ett kolikbarns bekännelser Vaggvisa för flyktbenägna
32%
Nåt gammalt,nåt nytt,nåt lånat,nåt blått Augusti i helvetet
29%
Du gamla du fria Du fria
29%
Det är så jag säger det Gråsparven när hon sjunger
29%
Illusioner I dina armar
29%
Ett kolikbarns bekännelser Magasinsgatan
29%
Illusioner Mitt hjärta är ett jordskred
29%
Du gamla du fria Runaway
29%
Poetiska försök Symfonivisa
29%
Nåt gammalt,nåt nytt,nåt lånat,nåt blått Jag vill ha allting
25%
Poetiska försök Lovsång
25%
2 steg från paradise Saknade till havs
25%
Nåt gammalt,nåt nytt,nåt lånat,nåt blått Så länge du är med mig
25%
För sent för Edelweiss Sång i buss på villovägar 2007
25%
Rampljus Ska flyga nu
25%
För sent för Edelweiss Dom fyra årstiderna
21%
Illusioner Gott nytt
21%
Du gamla du fria Lämna mig inte i det här skicket
21%
Rampljus Studentfylleflaken
21%
Poetiska försök Vem vill vara din vän när du tappat glansen
21%
Rampljus Verkar som vi klarat det
21%
Rampljus Vita små moln
21%
Du gamla du fria Elefanten & sparven
18%
För sent för Edelweiss Inte skyldig nån nåt
18%
Du gamla du fria I sprickorna kommer ljuset in
18%
Illusioner Sjung högre
18%
Poetiska försök Små bäckar, stora floder
18%
Rampljus Snälla släck inte ljusen
18%
Det kommer aldrig va över för mig Tänd strålkastarna
18%
Illusioner Tro på livet
18%
Illusioner Båda sidor nu
14%
Du gamla du fria Öppen genom hela natten
14%
Det kommer aldrig va över för mig Peace N Luv
14%
Du gamla du fria #10 Dream
11%
Rampljus Bit dig i läppen
11%
Poetiska försök HH vill vara med dig
11%
Du gamla du fria Hoppas att det ska gå bra för de yngre också
11%
Illusioner I Love U Stupid
11%
Rampljus På väg upp
11%
Rampljus Vägen med regnbågen över
11%
Rampljus Va inte född att följa efter
11%
Rampljus Det här är Shooowbiizzz
7%
För sent för Edelweiss Exile på Wolmar Yxkullsgatan
7%
Nåt gammalt,nåt nytt,nåt lånat,nåt blått Fade away
7%
För sent för Edelweiss Flyg nu lilla fjäril
7%
Illusioner Interlude: I dina armar
7%
Du gamla du fria Thats All Right
7%
Rampljus Tillsammans i mörkar
7%
No matching quizzes found
Score Distribution
Percent of People with Each Score
Percentile by Number Answered
Your Score History
You have not taken this quiz